| 000 | 00405cam a2200157 i 4500 | ||
|---|---|---|---|
| 020 | _a9780670086573 | ||
| 020 | _a0670086576 | ||
| 041 | _aENG | ||
| 082 | 0 | 4 |
_a759.954 _bGOS |
| 100 | 1 | _aGoswamy, B. N., | |
| 245 | 1 | 4 | _aThe spirit of Indian painting : |
| 260 |
_aGurgaon _bPenguin Books Pvt Ltd _c2014 |
||
| 300 |
_axii, 570 pages : _billustrations (colour) ; |
||
| 650 | 0 | _aPainting, Indic. | |
| 942 | _cBK | ||
| 999 |
_c23482 _d23482 |
||